000 01373nam a2200325Ia 4500
001 ebr10638850
003 CaPaEBR
006 m u
007 cr cn|||||||||
008 120814s2013 enk sb 001 0 eng d
020 _z9781441105547 (ebook)
020 _z9781441172488
040 _aCaPaEBR
_cCaPaEBR
035 _a(OCoLC)821883316
050 1 4 _aPR8722.L75
_bI852 2013eb
245 0 0 _aIrish writing London
_h[electronic resource] .
_nVolume 2,
_pPost-war to the present /
_cedited by Tom Herron.
260 _aLondon ;
_aNew York :
_bBloomsbury,
_c2013.
300 _axiii, 157 p.
490 0 _aBloomsbury Studies in the City
504 _aIncludes bibliographical references and index.
533 _aElectronic reproduction.
_bPalo Alto, Calif. :
_cebrary,
_d2013.
_nAvailable via World Wide Web.
_nAccess may be limited to ebrary affiliated libraries.
650 0 _aEnglish literature
_xIrish authors
_xHistory and criticism.
650 0 _aEnglish literature
_y19th century
_xHistory and criticism.
650 0 _aEnglish literature
_y20th century
_xHistory and criticism.
651 0 _aLondon (England)
_xIn literature.
655 7 _aElectronic books.
_2local
700 1 _aHerron, Tom.
710 2 _aebrary, Inc.
856 4 0 _uhttp://site.ebrary.com/lib/rucke/Doc?id=10638850
_zAn electronic book accessible through the World Wide Web; click to view
999 _c49425
_d49425